Towards the creative teaching of english

Guardat en:
Dades bibliogràfiques
Autors principals: Melville, Maggie (autora), Langenheim, Lydia (Autor), Spaventa, Lou (Autor), Rinvolucri, Mario (Autor)
Format: Llibre
Idioma:anglès
Publicat: Londres George Allen & Unwin 1980
Edició:1a. ed
Col·lecció:English Language Courses
Matèries:
Etiquetes: Afegir etiqueta
Sense etiquetes, Sigues el primer a etiquetar aquest registre!

MARC

LEADER 00000nam a2200000 a 4500
001 UCK8040
003 CL-VaPUC
008 060113e19800000UK |||||||||||||||||eng|d
020 |a 0043710743 
082 0 4 |a 428.007  |b MEL  |2 21 
100 |a Melville, Maggie  |e autora  |9 497827 
700 0 |a Langenheim, Lydia  |e author  |9 497828 
700 0 |a Spaventa, Lou  |e author  |9 497829 
700 0 |a Rinvolucri, Mario  |e author  |9 497830 
245 1 0 |a Towards the creative teaching of english 
250 |a 1a. ed 
300 |a 94 p 
942 |c BK 
945 |d 20060113 00:00:00  |a cmena 
260 |a Londres  |b George Allen & Unwin  |c 1980 
650 0 |a Educación lingüística  |9 306506 
650 0 |a Inglés  |9 260023 
650 0 |a Métodos de enseñanza  |9 270413 
650 0 |a Enseñanza del inglés  |9 367340 
650 0 |a Rol del docente  |9 329733 
583 |a last modification  |c 20060113 00:00:00  |k Rodrigo Vera 
490 0 |a English Language Courses 
999 |c 315872  |d 315870 
952 |0 0  |1 0  |4 0  |6 428_007000000000000_MEL_1980  |7 0  |8 A  |9 389694  |a BIBEDU  |b BIBEDU  |d 2019-11-22  |i 4202643  |o 428.007 MEL 1980  |p 4202643  |r 2019-11-22  |w 2019-11-22  |y BK  |k LIT